How to be your own Mgt. Guru (Record no. 2592)

MARC details
000 -LEADER
fixed length control field 00400nam a22001697a 4500
005 - DATE AND TIME OF LATEST TRANSACTION
control field 20160614104216.0
008 - FIXED-LENGTH DATA ELEMENTS--GENERAL INFORMATION
fixed length control field 160614b xxu||||| |||| 00| 0 eng d
020 ## - INTERNATIONAL STANDARD BOOK NUMBER
ISBN 978-0-143-06-866-2
041 ## - LANGUAGE CODE
Language code of text/sound track or separate title eng
082 ## - DEWEY DECIMAL CLASSIFICATION NUMBER
Item number 7337
100 ## - MAIN ENTRY--AUTHOR NAME
Personal name Witzel, Morgon
245 ## - TITLE STATEMENT
Title How to be your own Mgt. Guru
260 ## - PUBLICATION, DISTRIBUTION, ETC. (IMPRINT)
Name of publisher Penguin India
Year of publication 2010
300 ## - PHYSICAL DESCRIPTION
Number of Pages 212
650 ## - SUBJECT ADDED ENTRY--TOPICAL TERM
Topical Term Management
942 ## - ADDED ENTRY ELEMENTS (KOHA)
Koha item type Books
Holdings
Lost status Damaged status Home library Current library Date acquired Cost, normal purchase price Full call number Accession Number Koha item type
Lost   JRU Library JRU Library 14/06/2016 299.00 7337 7337 Books